The book of the foundation of St. Bartholomew's church in London : (Record no. 21952)
[ view plain ]
| 000 -LEADER | |
|---|---|
| fixed length control field | 01596nam a2200325 a 4500 |
| 001 - CONTROL NUMBER | |
| control field | 21952 |
| 003 - CONTROL NUMBER IDENTIFIER | |
| rucl marc code | BD-RjUL |
| 005 - DATE AND TIME OF LATEST TRANSACTION | |
| control field | 20211209000741.0 |
| 008 - FIXED-LENGTH DATA ELEMENTS--GENERAL INFORMATION | |
| fixed length control field | 140306s1923 enkh b 001 0 eng |
| 035 ## - SYSTEM CONTROL NUMBER | |
| System control number | (BD-RjUL)22017 |
| 040 ## - CATALOGING SOURCE | |
| Original cataloging agency | DLC |
| Transcribing agency | HDC |
| Modifying agency | SER |
| -- | BD-RjUL |
| Language of cataloging | eng |
| 041 ## - LANGUAGE CODE | |
| Language code of text/sound track or separate title | eng |
| 082 ## - DEWEY DECIMAL CLASSIFICATION NUMBER | |
| Classification number | 829.5 |
| Author mark and year | STB 1923 |
| 110 2# - MAIN ENTRY--CORPORATE NAME | |
| Corporate name or jurisdiction name as entry element | St. Bartholomew-the-Great (Church : London, England) |
| 9 (RLIN) | 67785 |
| 245 14 - TITLE STATEMENT | |
| Title | The book of the foundation of St. Bartholomew's church in London : |
| Remainder of title | the church belonging to the priory of the same in West Smithfield / |
| Statement of responsibility, etc. | edited from the original manuscript in the British Museum, Cotton Vespasian B IX. By Sir Norman Moore. |
| 260 ## - PUBLICATION, DISTRIBUTION, ETC. (IMPRINT) | |
| Place of publication, distribution, etc. | London : |
| Name of publisher, distributor, etc. | Pub. for the Early English Text Society, by H. Milford, Oxford University Press, |
| Date of publication, distribution, etc. | 1923. |
| 300 ## - PHYSICAL DESCRIPTION | |
| Pagination | xii, 72 p. : |
| Illustrations | ill, front. (facsim.) ; |
| Size | 23 cm. |
| 490 1# - SERIES STATEMENT | |
| Series statement | Original series / Early English Text Society ; |
| Volume/sequential designation | 163 |
| 500 ## - GENERAL NOTE | |
| General note | From a manuscript formerly belonging to the Priory of St. Bartholomew by an Augustinian canon of the Priory. Of the two versions, Latin (ca. 1174-1189) and English (ca. 1400) only the English is printed here. |
| 504 ## - BIBLIOGRAPHY, ETC. NOTE | |
| Bibliography, etc | List of publications of the society (8 p.) at end. |
| 600 00 - SUBJECT ADDED ENTRY--PERSONAL NAME | |
| Personal name | Rahere, |
| Dates associated with a name | -1144. |
| Personal name | Bartholomew, |
| Titles and other words associated with a name | Apostle, Saint. |
| 610 20 - SUBJECT ADDED ENTRY--CORPORATE NAME | |
| Corporate name or jurisdiction name as entry element | St. Bartholomew's Hospital (London, England) |
| 700 1# - ADDED ENTRY--PERSONAL NAME | |
| Personal name | Moore, Norman, |
| Dates associated with a name | 1847-1922. |
| 710 2# - ADDED ENTRY--CORPORATE NAME | |
| Corporate name or jurisdiction name as entry element | British Library. |
| Form subheading | Manuscript. |
| Number of part/section/meeting | Cotton Vespasian B IX. |
| 9 (RLIN) | 67781 |
| 830 #0 - SERIES ADDED ENTRY--UNIFORM TITLE | |
| Volume number/sequential designation | no. 163. |
| 830 #0 - SERIES ADDED ENTRY--UNIFORM TITLE | |
| Uniform title | Early English Text Society (Series). |
| 942 ## - ADDED ENTRY ELEMENTS (KOHA) | |
| Source of classification or shelving scheme | Dewey Decimal Classification |
| Koha item type | Books |
| Lost status | Source of classification or shelving scheme | Damaged status | Not for loan | Collection code | Permanent Location | Current Location | Shelving location | Date acquired | Source of acquisition | Cost, normal purchase price | Total Checkouts | Full call number | Date last seen | Copy number | Koha item type |
|---|---|---|---|---|---|---|---|---|---|---|---|---|---|---|---|
| Dewey Decimal Classification | Added to bundle | Non-fiction | Central Library, University of Rajshahi | Central Library, University of Rajshahi | Reading Room | 05/11/1956 | Blackwell | 0.12 | 829.5 STB 1923 | 06/03/2014 | C-1 | Books |